00000000nas##2200000za#4500
0019.509297
003CaOODSP
00520241127112906
007ta
008150406c1991||||xxc|| m #||||f|   |0fre|d
022 |a0410-7926
040 |aCaOODSP|bfre
041 |aeng
041 |afre
043 |an-cn---
0861 |aEn57-23
1101 |aCanada. |bService de l'environnement atmosphérique.
24510|aCLI / |cPublié par le Programme climatologique canadien.
260 |aDownsview - Ontario : |bEnvironnement Canada.
546 |aBilingue
563 |aCouverture souple
791 |tCLI / |eeng|w(CaOODSP)9.509296